Strictly series 20 cast - Statistics

General Stats
  • This quiz has been taken 8 times
  • The average score is 11 of 15
Answer Stats
Professional Celebrity % Correct
Nikita Kizmin Ellie Simmonds
100%
Johannes radebe Ellie taylor
88%
Vito Coppola Fleur east
88%
Gorka Marquez Helen Skelton
88%
Nancy Xu Will Mellor
88%
karen hauer Jayde Adams
75%
Graziano Di prima Kym marsh
75%
Katya jones Tony Adams
75%
amy Dowden James Bye
63%
Kai Widdrington Kaye Adams
63%
Nadiya Bychkova Matt Goss
63%
Giovanni pernice Richie Anderson
63%
Jowita Przystal Hamza yassin
50%
carlos Gu Molly Rainford
50%
Dianne Buswell Tyler West
50%
No matching quizzes found
Score Distribution
Percent of People with Each Score
Percentile by Number Answered
Your Score History
You have not taken this quiz